000 00667nam a2200241Ia 4500
003 OSt
005 20220925185006.0
006 a|||||r|||| 00| 0
007 ta
008 220923b |||||||| |||| 00| 0 eng d
037 _cGeneral Book
040 _aRTL
_cRTL
_beng
041 _2eng
_aeng
082 _aX.4445.N7, L8
100 _aJoshi Navin Chandra
245 0 _aReadings in Nepalese economy
260 _aAllahabad
_bChugh
_c1978
300 _a177p.
_ccm.
500 _aAppendix P133-77
650 _aEconomic Conditions South East Asia
942 _hX.4445.N7, L8
_cGB
_2CC
999 _c509470
_d509470